000 01605nam a2200349 c 4500
003 BLK
005 20250502121430.0
008 180408b bul|||||r ||||||| ||bul||
010 _aKNG00096213000
020 _a978-954-28-0634-9
_bиздат.: Сиела Софт енд Паблишинг
040 _aBLK
041 _aBUL
_cBUL
080 _aБългарска литература
_b821.163.2
_x(091)
_z821.163.2(091)
100 1 _aИгов, Светлозар Атанасов
_d1945-2023
_gФилолог, славянска филология (1966). Литературен критик, историк. Поет, белетрист. Преводач от сърбохърватски език
_972055
139 _aИгов, Светлозар Атанасов
_bИ 29
245 1 0 _aИстория на българската литература [1878 - 1989]
_cСветлозар Атанасов Игов.
250 _a2. доп. изд.
257 _aBGR
260 София
_bСиела Софт енд Паблишинг
_c2010
_fВ. Търново : Абагар
300 _a912 с.
_c25 см
380 _a82
500 _a1. изд. 2001. - Именен показалец.
650 4 _aБългарска литература - история
_9246271
653 _aбългарска литература
653 _aистория на литературата
852 _aЦб 248159
856 4 _qpdf
_u
856 4 _qpdf
_u
942 _cKNG
_n0
_016
944 _aCR
_c20.05.2010
_lМинев Младен
_k30530
944 _aED
_c26.05.2010
_lф /
_k
999 _c91456
_d91456